| 000 | 00711nam a22002057a 4500 | ||
|---|---|---|---|
| 008 | 140811t mx||||| |||| 00| 0 spa d | ||
| 020 | _a9684765045 | ||
| 050 | 0 | 4 |
_aQP381 _bL85 2005 |
| 100 | 1 | _aLuria, Alexandr Románovich | |
| 245 | 1 | 3 |
_aLas funciones corticales superiores del hombre / _cAlexandr Románovich Luria, tr. Castull Pérez |
| 260 |
_aMéxico : _bFontamara, _c2005 |
||
| 300 |
_a691 p. _bil. ; _c21 cm. |
||
| 440 | 0 |
_aPsicología _nNo. 3 |
|
| 500 | _aTraducción de. Higher cortical functions in man | ||
| 504 |
_aIncluye bibliografías e índices _bp. 589-691 |
||
| 650 | 4 |
_aCerebro _xHeridas y lesiones |
|
| 650 | 4 |
_aPsicologia _xCerebro |
|
| 700 | 1 |
_aPérez, Castull, _etr. |
|
| 942 |
_2lcc _cLIB |
||
| 999 |
_c76494 _d76494 |
||